| 000 | 01531 a2200217 4500 | ||
|---|---|---|---|
| 001 | 25320 | ||
| 005 | 20260407155537.0 | ||
| 008 | 260407a2000 arg spa d | ||
| 003 | AR-UNSa-BCEJYS | ||
| 040 |
_aAR-UNSa-BCEJYS _bspa _cAR-UNSa-BCEJYS |
||
| 080 |
_a001.8 _xMetodología. Estudio general del método. Procedimientos científicos y técnicos para el estudio, La investigación y la discusión |
||
| 245 | 1 | 0 | _aCómo escribir trabajos de investigación |
| 020 | _a978-84-7432-724-3 | ||
| 264 | 1 |
_aBarcelona : _bGedisa _c2000 |
|
| 300 |
_a473 p. _c23 cm. |
||
| 505 | _a1. Para comprender qué es la investigación - 2. Cómo elegir un tema - 3. La identificación de fuentes en la biblioteca - 4. La utilización de las fuentes de la biblioteca - 5. El uso de internet y la búsqueda más allá de la biblioteca - 6. El registro de la información - 7. La organización del material - 8. Redactar y revisar - 9. La producción del trabajo final - 10. La documentación de fuentes según el estilo MLA - 11. La redacción de monografías en las humanidades - 12. La redacción de monografías en literatura - 13. Redacción de monografías en las ciencias sociales utilizando el estilo APA - 14. Redacción de monografías en las ciencias naturales y aplicadas utilizando el estilo CBE | ||
| 942 | _cBK | ||
| 590 | _aniveau_biblio:m niveau_hierar:0 | ||
| 100 | 1 | _aWalker, Melissa | |
| 856 | 4 | 1 |
_uhttps://biblioeco.unsa.edu.ar/pmb/images/libros/C?mo escribir trabajos de investigaci?n (2000).jpg _yImagen de portada _qimage/jpeg |
| 999 |
_c1364 _d1364 |
||